Central Library OPAC University of Rajshahi

Basic experiments with radioisotopes : (Record no. 70337)

MARC details
000 -LEADER
fixed length control field 00812nam a2200253 a 4500
001 - CONTROL NUMBER
control field 70337
003 - CONTROL NUMBER IDENTIFIER
rucl marc code BD-RjUL
005 - DATE AND TIME OF LATEST TRANSACTION
control field 20211209082004.0
008 - FIXED-LENGTH DATA ELEMENTS--GENERAL INFORMATION
fixed length control field 170417s1972 enka 001 0 eng d
020 ## - INTERNATIONAL STANDARD BOOK NUMBER
International Standard Book Number 027336152X
035 ## - SYSTEM CONTROL NUMBER
System control number (BD-RjUL)70551
040 ## - CATALOGING SOURCE
Original cataloging agency DLC
Transcribing agency DLC
Modifying agency BD-RjUL
Language of cataloging eng
041 ## - LANGUAGE CODE
Language code of text/sound track or separate title eng
082 00 - DEWEY DECIMAL CLASSIFICATION NUMBER
Classification number 541.3884
Edition number 23
Author mark and year ANB 1972
100 1# - MAIN ENTRY--PERSONAL NAME
Personal name Andrews, John N.
9 (RLIN) 208278
245 10 - TITLE STATEMENT
Title Basic experiments with radioisotopes :
Remainder of title for courses in physics, chemistry and biology /
Statement of responsibility, etc. [by] J. N. Andrews [and] D. J. Hornsey.
260 ## - PUBLICATION, DISTRIBUTION, ETC. (IMPRINT)
Place of publication, distribution, etc. London :
Name of publisher, distributor, etc. Pitman,
Date of publication, distribution, etc. 1972.
300 ## - PHYSICAL DESCRIPTION
Pagination xiii, 277 p. :
Illustrations ill. ;
Size 23 cm.
500 ## - GENERAL NOTE
General note Includes index
650 #0 - SUBJECT ADDED ENTRY--TOPICAL TERM
Topical term or geographic name as entry element Radioisotopes
9 (RLIN) 208279
Topical term or geographic name as entry element Radioisotopes
General subdivision Experiments.
9 (RLIN) 208280
700 1# - ADDED ENTRY--PERSONAL NAME
Personal name Hornsey, David John,
Relator term joint author.
942 ## - ADDED ENTRY ELEMENTS (KOHA)
Source of classification or shelving scheme Dewey Decimal Classification
Koha item type Books
Holdings
Lost status Source of classification or shelving scheme Damaged status Not for loan Collection code Permanent Location Current Location Shelving location Date acquired Source of acquisition Cost, normal purchase price Total Checkouts Full call number Date last seen Copy number Koha item type
  Dewey Decimal Classification   Not For Loan Non-fiction Central Library, University of Rajshahi Central Library, University of Rajshahi Reading Room 30/06/1981 Eureka, Rajshahi 150.00   541.3884 ANB 1972 17/04/2017 C-1 Books